00730nam a22002417a 450000500170000001000480001702000260006502000310009103500170012203500130013903500130015203700170016503700220018203700130020408200100021710000240022724500620025124600330031326000380034627000710038430000210045552000120047620180226110653.0 aB-529138-153 ENG-110377 B-663786 a9789381753675c110.00 a9789381753675c125.00 (AV) aB-529138-153 aEN-93909 aB-663786 adplbUBH/Ven adplbBookwell/Ven bDBAD/PUB a158.1 aSchuller, Robert H. aTwenty six (26) steps to success /cby Robert H.Schuller aTwenty six steps to success aNew DelhibMannu Graphicsc(201?) a5FF, Ganpati Bhawan, 21 Ansari Road, Darya GanjbNew Delhie110002 a128p.c22cm(pbk) a13-14EN